NBA teams Kevin Durant played for - Statistics

General Stats
  • This quiz has been taken 30 times
  • The average score is 6 of 6
Answer Stats
Hint Answer % Correct
5 Suns
100%
4 Nets
96%
6 Rockets
96%
3 Warriors
96%
2 Thunder
93%
1 Supersonics
79%
No matching quizzes found
Score Distribution
Percent of People with Each Score
Percentile by Number Answered
Your Score History
You have not taken this quiz